| 000 | 00846nam a2200205Ii 4500 | ||
|---|---|---|---|
| 003 | JO-AjNU | ||
| 008 | 230605s9999||||xx |||||||||||||| ||und|| | ||
| 017 | _a1988/2/85 | ||
| 040 |
_aJO-AjNU _bara _erda _cJO-AjNU |
||
| 041 | _aara | ||
| 050 | 1 | 4 | _aLG395.A45.J3522 1988 |
| 100 | 3 |
_aالبخيت، محمد عدنان جمع وإشراف/زاهدة،عزت زاهدة إعداد وتكشيف, _eauthor _943775 |
|
| 245 | 0 | 0 | _aالإنتاج العلمي للعاملين في الجامعة الأردنية 1962-1987م(القسم العربي) |
| 264 | 3 | 1 | _aعمان:الجامعة الأردنية،1988 |
| 300 | _a163ص | ||
| 336 |
_atext _btxt _2rdacontent |
||
| 337 |
_aunmediated _bn _2rdamedia |
||
| 338 |
_avolume _bnc _2rdacarrier |
||
| 650 | 4 |
_aجامعات-الأردن-ببليوجرافيات الجامعة الأردنية _943776 |
|
| 999 |
_aA18843 _c22411 _d22411 |
||